000 01645cam a22003974i 4500
003 PE-LiUPU
005 20250731175628.0
008 150623s1988 miu r 000 0 eng d
020 _a0962104000
035 _a(Sirsi) i9780962104008
040 _aPE-LiUPU
_bspa
_cPE-LiUPU
_erda
049 _aPRUA
082 0 4 _a428.2
_bD32
_221
100 1 _aDavidian, Richard D.,
_eautor.
245 1 0 _aLearn a new language :
_ba creative guide /
_cRichard D. Davidian.
264 1 _aMichigan :
_bCenter for Intercultural Relations Sutherland House,
_c1988.
300 _a277 páginas ;
_c28 centímetros
336 _atext
_2rdacontent
337 _aunmediated
_2rdamedia
338 _avolume
_2rdacarrier
505 0 _aInterpretation of semantic codes -- Notes and cautions on language-learning strategies: General language -- Learning strategies -- Spoken language. Written language end grammar -- Tape recorder use and memorization.
526 _aP145
526 _aP127
526 _aP97
526 _aP35
526 _aP14
526 _aP07
650 0 4 _aInglés
_xEstudio y enseñanza.
650 0 4 _aInglés
_xTexto para extranjeros.
942 _2ddc
_cBOOK
949 _a428.2 D32
_wDEWEY
_c1
_i51434
_d2015-9-1
_e2015-8-31
_lCCODEBUL1
_mBUL
_n1
_p10.00
_r0
_sY
_tBOOK
_u2015-6-24
_xTEOLOGIA
_PP35
_0COMPRA
_o.STAFF. Colección Teología
994 _aC0
_bPEPRU
596 _a1
999 _a428.2 D32
_wDEWEY
_c33154
_i51434
_d33154
_e2015-8-31
_f2021-11-8
_g5
_lCCODEBUL1
_mBUL
_n1
_p10.00
_r0
_sY
_tBOOK
_u2015-6-24
_xEDUCACION
_PP35
_0COMPRA
_o.STAFF. Colección Teología
980 _81
_gALBERTO SANCHEZ Responsable de Automatización